Personnalités liées à la ville d'Orléans - Statistiques

Statistiques générales
  • Ce quiz a été pris 74 fois
  • Le résultat moyen est 5 sur 15
Statistiques - réponses
Difficulté Indice Réponse % Correct
Héroïne qui libère la ville du siège des Anglais lors de la guerre de Cent Ans Jeanne d'Arc
93%
Rappeur né à Orléans, interprète de "Ramenez la coupe à la maison" Vegedream
76%
★★★ Roi de France sacré dans la cathédrale d'Orléans, cité en introduction du film "Les Visiteurs" Louis VI
49%
Actrice oscarisée pour "La Môme", elle est scolarisée au lycée Voltaire et entre au conservatoire d'Orléans Marion Cotillard
47%
★★ Ministre de l'Education nationale du Front populaire, né et élu député à Orléans, il est fusillé par la milice en 1944 Jean Zay
35%
Auteur de "A la recherche du temps perdu", il effectue son service militaire à Orléans Marcel Proust
34%
★★ Champion du monde de football 2018 natif de la ville, il évolue notamment à l'Olympique de Marseille Florian Thauvin
29%
★★ Empereur romain qui a donné son nom à la ville Aurélien
25%
★★ Peintre passionné par la Polynésie qui passe une partie de son enfance dans la ville, où il étudie au lycée Impérial Paul Gauguin
25%
★★ Ecrivain et poète français né à Orléans, il meurt dans les premiers mois de la Grande Guerre Charles Péguy
22%
★★ Réformateur protestant qui a étudié à l'université de droit de la ville Jean Calvin
21%
★★ Roi de France et époux de Marie Stuart, il meurt à l'Hôtel Groslot à l'âge de 16 ans François II
18%
★★ Ecrivain orléanais, il reçoit le Goncourt du premier roman, puis le prix Renaudot. En 2019, son ouvrage intitulé "Orléans" suscite de vives polémiques Yann Moix
10%
★★★ Chef du parti catholique durant la première guerre de religion, il est assassiné par un protestant lors du siège d'Orléans. François de Guise
9%
★★★ Actrice née à Orléans, elle obtient le César de la meilleure actrice pour "Antoinette dans les Cévennes" en 2021 Laure Calamy
7%
Aucun quiz correspondant
Distribution des résultats
% des personnes avec chaque résultat
Percentile par nombre de réponses
Votre historique - résultats
Vous n’avez pas pris ce quiz